000 00696cam a2200217 a 4500
001 000001094
005 20200929145457.0
008 810415s1936 ck 001 p spa
010 _a37022317
040 _aDO-SdBNP
_bspa
_cBNPHU
082 _aC861.0822
_bP745
245 0 4 _aLos poetas del dolor y de la muerte.
260 _aBogotá :
_bMinerva,
_c[1936].
300 _a205, [5] p. ;
_c20 cm.
490 1 _aSamper Ortega de literatura colombiana
650 4 _aPoesía elegíaca colombiana
_93741
650 4 _aPoesía colombiana
_93742
650 4 _aLiteratura colombiana
_91244
710 1 _aMinisterio de Educación Nacional.
_93743
830 0 _aSamper Ortega de literatura colombiana
_93744
999 _c1053
_d1053